| 000 | 00600nam a2200169Ia 4500 | ||
|---|---|---|---|
| 008 | 210719s2010 xx 000 0 und d | ||
| 020 | _a81-7086-581-6 | ||
| 041 | _aeng | ||
| 082 | _a362.7042 KOID | ||
| 100 | _aKOIKARA (Felix);MANNATH (Joe) | ||
| 245 | _aDo it learn it live it: sessions with youth: a book for teachers and youth workers | ||
| 260 |
_aBangalore _bAsian Trading Corporation _c2010 |
||
| 300 |
_a156 _bPB |
||
| 650 | _aValue Education | ||
| 650 | _aValue Education | ||
| 906 | _aa ; book ; Do ; for ; it ; it: ; learn ; live ; sessions ; teachers ; with ; workers ; youth ; youth: | ||
| 999 |
_c215883 _d215883 |
||